| 000 | 00676 a2200181 4500 | ||
|---|---|---|---|
| 003 | NUST | ||
| 038 | _aa | ||
| 082 | _aBICSE-1 | ||
| 100 |
_aA. D. Usama Bin Najam _993078 |
||
| 245 |
_aDesign and Simulation of Multi-User Detection in DS-CDMA Communication Systems _cA. D. Usama Bin Najam & Haroon Umar. |
||
| 260 |
_aIsalamabad, _bNUST School of Electrical Engineering & Computer Science, _c2007. |
||
| 300 |
_axii, 94 p. : _bill. ; _c27 cm. + _eCD-ROM |
||
| 500 | _aSupervisors : Dr. N D Gohar, Wg. Cdr. (R) Muhammad Ramzan. | ||
| 563 | _aa | ||
| 700 |
_aHaroon Umar. _993079 |
||
| 856 | _uhttp://10.250.8.41:8080/xmlui/handle/123456789/10974 | ||
| 942 |
_cTHE _kBICSE-1 USA _2ddc |
||
| 999 |
_c9198 _d9198 |
||